000 00978nam a2200289 a 4500
001 000024364
005 20200930022940.0
008 110126s1987 sp r 000 0 spa d
020 _a8435905365
040 _aDO-SdBNP
_bspa
_cBNPHU
041 1 7 _aspa
_heng
_2Código de idioma MARC
082 _a320
_bH737p
100 1 _aHollander, Paul,
_d1932-
_949967
240 1 0 _aPolitical pilgrims.
_lEspañol.
245 1 0 _aLos peregrinos políticos /
_cPaul Hollander ; traducción María Helena Barro.
260 _aMadrid :
_bPlayor,
_c1987.
300 _axv, 385 p. ;
_a20 cm.
490 1 _aLos contemporáneos
534 _aTítulo original:
_tPolitical pilgrims.
504 _aIncluye referencias bibliográficas y notas al pie de las páginas
650 4 _aPolíticos
_zRusia
_949968
650 4 _aPolíticos
_zChina
_949969
650 4 _aPolíticos
_zVietnam
_949970
700 1 _aBarro, María Helena
_etr.
_949971
830 0 _aLos contemporáneos
_924576
049 _aBNGR
999 _c23857
_d23857